<?xml version="1.0" encoding="UTF-8"?>
<record
    xmlns:xsi="http://www.w3.org/2001/XMLSchema-instance"
    xsi:schemaLocation="http://www.loc.gov/MARC21/slim http://www.loc.gov/standards/marcxml/schema/MARC21slim.xsd"
    xmlns="http://www.loc.gov/MARC21/slim">

  <leader>01415nam a2200241   4500</leader>
  <datafield tag="999" ind1=" " ind2=" ">
    <subfield code="c">8308</subfield>
    <subfield code="d">8308</subfield>
  </datafield>
  <controlfield tag="001">21823</controlfield>
  <controlfield tag="003">BD-DhUAP</controlfield>
  <controlfield tag="005">20230531175615.0</controlfield>
  <controlfield tag="008">230531b2022    bg a|||| |||| 001 0aBen d</controlfield>
  <datafield tag="020" ind1=" " ind2=" ">
    <subfield code="a">9789847768946</subfield>
  </datafield>
  <datafield tag="040" ind1=" " ind2=" ">
    <subfield code="a">BD-DhUAP</subfield>
    <subfield code="b">BEN</subfield>
    <subfield code="c">BD-DhUAP</subfield>
    <subfield code="d">BD-DhUAP</subfield>
  </datafield>
  <datafield tag="082" ind1=" " ind2=" ">
    <subfield code="2">23</subfield>
    <subfield code="a">954.9205 KRI</subfield>
  </datafield>
  <datafield tag="245" ind1=" " ind2=" ">
    <subfield code="a">&#x995;&#x9CD;&#x9B0;&#x9C0;&#x9A1;&#x9BC;&#x9BE;&#x999;&#x9CD;&#x997;&#x9A8; &#x9A5;&#x9C7;&#x995;&#x9C7; &#x9B0;&#x9A3;&#x9BE;&#x999;&#x9CD;&#x997;&#x9A8; :</subfield>
    <subfield code="b">&#x9B6;&#x9B9;&#x9BF;&#x9A6; &#x99C;&#x9C1;&#x9AF;&#x9BC;&#x9C7;&#x9B2; &#x9AC;&#x9C0;&#x9B0; &#x9AC;&#x9BF;&#x995;&#x9CD;&#x9B0;&#x9AE; &#x9B8;&#x9CD;&#x9AE;&#x9BE;&#x9B0;&#x995;&#x997;&#x9CD;&#x9B0;&#x9A8;&#x9CD;&#x9A5; /</subfield>
    <subfield code="c">&#x997;&#x9CD;&#x9B0;&#x9A8;&#x9CD;&#x9A5;&#x9A8;&#x9BE; &#x9B0;&#x9C1;&#x9AC;&#x9BF;&#x9A8;&#x9BE; &#x9B9;&#x9CB;&#x9B8;&#x9C7;&#x9A8; ; &#x9B8;&#x9AE;&#x9CD;&#x9AA;&#x9BE;&#x9A6;&#x995; &#x9AE;&#x9C1;&#x9B9;&#x9BE;&#x9AE;&#x9CD;&#x9AE;&#x9A6; &#x995;&#x9BE;&#x9AE;&#x9B0;&#x9C1;&#x99C;&#x9CD;&#x99C;&#x9BE;&#x9AE;&#x9BE;&#x9A8; &#x964;</subfield>
  </datafield>
  <datafield tag="260" ind1=" " ind2=" ">
    <subfield code="a">&#x9A2;&#x9BE;&#x995;&#x9BE; :</subfield>
    <subfield code="b">&#x9AC;&#x9BE;&#x982;&#x9B2;&#x9BE;&#x9A6;&#x9C7;&#x9B6; &#x995;&#x9CD;&#x9B0;&#x9BF;&#x995;&#x9C7;&#x99F; &#x9B8;&#x9BE;&#x9AA;&#x9CB;&#x9B0;&#x9CD;&#x99F;&#x9BE;&#x9B0;&#x9CD;&#x9B8; &#x985;&#x9CD;&#x9AF;&#x9BE;&#x9B8;&#x9CB;&#x9B8;&#x9BF;&#x9AF;&#x9BC;&#x9C7;&#x9B6;&#x9A8; (&#x9AC;&#x9BF;&#x9B8;&#x9BF;&#x98F;&#x9B8;&#x98F;),</subfield>
    <subfield code="c">&#x9E8;&#x9E6;&#x9E8;&#x9E8; &#x964;</subfield>
  </datafield>
  <datafield tag="300" ind1=" " ind2=" ">
    <subfield code="a">&#x9E9;&#x9EA;&#x9E8; &#x9AA;&#x9C3;&#x9B7;&#x9CD;&#x9A0;&#x9BE; :</subfield>
    <subfield code="b">&#x99A;&#x9BF;&#x98F; ;</subfield>
    <subfield code="c">&#x9E8;&#x9EA; &#x9B8;&#x9C7;.&#x9AE;&#x9BF;.</subfield>
  </datafield>
  <datafield tag="504" ind1=" " ind2=" ">
    <subfield code="a">&#x997;&#x9CD;&#x9B0;&#x9A8;&#x9CD;&#x9A5;&#x9AA;&#x99E;&#x9CD;&#x99C;&#x9BF;&#x997;&#x9A4; &#x9A8;&#x9BF;&#x9B0;&#x9CD;&#x9A6;&#x9C7;&#x9B6;&#x9BF;&#x995;&#x9BE; &#x993; &#x9A8;&#x9BF;&#x998;&#x9A8;&#x9CD;&#x99F; &#x985;&#x9A8;&#x9CD;&#x9A4;&#x9B0;&#x9CD;&#x9AD;&#x9C1;&#x995;&#x9CD;&#x9A4;&#x964;</subfield>
  </datafield>
  <datafield tag="600" ind1=" " ind2=" ">
    <subfield code="a">&#x99A;&#x9CC;&#x9A7;&#x9C1;&#x9B0;&#x9C0;, &#x986;&#x9AC;&#x9CD;&#x9A6;&#x9C1;&#x9B2; &#x9B9;&#x9BE;&#x9B2;&#x9BF;&#x9AE;,</subfield>
    <subfield code="d">&#x9E7;&#x9EF;&#x9EB;&#x9E6;-&#x9E7;&#x9EF;&#x9ED;&#x9E7;</subfield>
  </datafield>
  <datafield tag="650" ind1=" " ind2=" ">
    <subfield code="a">Bangladesh</subfield>
    <subfield code="x">History</subfield>
    <subfield code="y">Revolution, 1971.</subfield>
  </datafield>
  <datafield tag="650" ind1=" " ind2=" ">
    <subfield code="a">Martyrs</subfield>
    <subfield code="x">Correspondence.</subfield>
    <subfield code="z">Bangladesh.</subfield>
  </datafield>
  <datafield tag="700" ind1=" " ind2=" ">
    <subfield code="a">&#x9B9;&#x9CB;&#x9B8;&#x9C7;&#x9A8;, &#x9B0;&#x9C1;&#x9AC;&#x9BF;&#x9A8;&#x9BE;</subfield>
  </datafield>
  <datafield tag="700" ind1=" " ind2=" ">
    <subfield code="a">&#x995;&#x9BE;&#x9AE;&#x9B0;&#x9C1;&#x99C;&#x9CD;&#x99C;&#x9BE;&#x9AE;&#x9BE;&#x9A8;, &#x9AE;&#x9C1;&#x9B9;&#x9BE;&#x9AE;&#x9CD;&#x9AE;&#x9A6;</subfield>
  </datafield>
  <datafield tag="942" ind1=" " ind2=" ">
    <subfield code="2">ddc</subfield>
    <subfield code="c">BK</subfield>
  </datafield>
  <datafield tag="952" ind1=" " ind2=" ">
    <subfield code="0">0</subfield>
    <subfield code="1">0</subfield>
    <subfield code="2">ddc</subfield>
    <subfield code="4">0</subfield>
    <subfield code="7">0</subfield>
    <subfield code="a">UAPCL</subfield>
    <subfield code="b">UAPCL</subfield>
    <subfield code="c">Reference Stacks </subfield>
    <subfield code="d">2023-05-31</subfield>
    <subfield code="o">954.9205 KRI</subfield>
    <subfield code="p">3010021823</subfield>
    <subfield code="r">2023-05-31</subfield>
    <subfield code="t">1</subfield>
    <subfield code="v">0.00</subfield>
    <subfield code="w">2023-05-31</subfield>
    <subfield code="y">REF</subfield>
  </datafield>
</record>
